Anotar para resolver una terea de localización y memoria (Record no. 62483)

MARC details
000 -CABECERA
campo de control de longitud fija 00778nam a2200265 a 4500
005 - FECHA Y HORA DE LA ÚLTIMA TRANSACCIÓN
campo de control 20210223123801.0
008 - ELEMENTOS DE LONGITUD FIJA--INFORMACIÓN GENERAL
campo de control de longitud fija 991125n 000 0 spa u
035 ## - NÚMERO DE CONTROL DEL SISTEMA
Número de control de sistema UPN01000064211
100 1# - ASIENTO PRINCIPAL--NOMBRE PERSONAL
Nombre de persona García Mila, Merce
222 ## - TÍTULO CLAVE
Título clave INFANCIA Y APRENDIZAJE =
222 ## - TÍTULO CLAVE
Información calificativa JOURNAL FOR THE STUDY OF EDUCATION AND DEVELOPMENT
245 ## - MENCIÓN DE TÍTULO
Título Anotar para resolver una terea de localización y memoria
260 ## - PUBLICACIÓN, DISTRIBUCIÓN, ETC.
Lugar de publicación, distribución, etc. Barcelona, España
300 ## - DESCRIPCIÓN FÍSICA
Extensión 51-70
362 0# - FECHAS DE PUBLICACIÓN Y/O DESIGNACIÓN SECUENCIAL
Fecha de publicación y/o designación secuencial 2000 No. 90
653 0# - TERMINO DE INDIZACION - NO CONTROLADO
Término no controlado EDUCACION INICIAL
653 0# - TERMINO DE INDIZACION - NO CONTROLADO
Término no controlado EDUCACION PRIMARIA
653 0# - TERMINO DE INDIZACION - NO CONTROLADO
Término no controlado MEMORIA
653 0# - TERMINO DE INDIZACION - NO CONTROLADO
Término no controlado NOTACION NUMERICA
653 0# - TERMINO DE INDIZACION - NO CONTROLADO
Término no controlado RESOLUCION DE PROBLEMAS
700 1# - ASIENTO SECUNDARIO--NOMBRE DE PERSONAL
Nombre de persona Teberosky, Ana,
Término indicativo de función/relación coaut.
700 1# - ASIENTO SECUNDARIO--NOMBRE DE PERSONAL
Nombre de persona Martí, Eduardo,
Término indicativo de función/relación coaut.
9 (RLIN) 29142
904 ## - ELEMENTOS DE DATOS D LOCAL, LDD (RLIN)
a AC
b 002022
905 ## - TIPO DE MATERIAL
Tipo de material Articulo

No items available.